00412 2200157 4500001002100000005001500021035002000036245006400056100002000120300002700140260003100167082000800198084001400206020002200220990001200242INLIS00000000000264920250805094043 a0010-08250000101 aCV Menawan Untuk Meraih Pekerjaan Impian /cNatan S. Gultom0 aNatan S. Gultom a74 hlm ;c14,5 x 21 cm aJakarta :bErlangga,c2022 a000 a000 NAT c a978-623-7478-73-7 a0754894